000 00592nam a22001697a 4500
003 OSt
005 20171010095440.0
008 120608t xxu||||| |||| 00| 0 eng d
040 _aMMSU
_cULS
100 _aLledo, Zoe P.
_910118
245 _aEvaluation of an Iluko-translated video on biotechnology
_cZoe P. Lledo
260 _c2007
300 _axv, 75 leaves
_c28 cm.
500 _aThesis (BS Development Communication) -- Mariano Marcos State University-College of Agriculture, Food and Sustainable Development, Batac City
504 _aBibliography: leaves 39-40
942 _2ddc
_cTHEDIS
999 _c9546
_d9546